000 00291nam a22001337a 4500
008 170215b xxu||||| |||| 00| 0 eng d
020 _a9781416036746
041 _aeng
080 _27 ed
_a61
100 _a4
101 _ashm
245 _aTHE LANGUAGE MEDICINE
_cCHABNER
942 _2udc
_cBK
999 _c5499
_d5499